Longman Dictionary of Common Errors/ (Record no. 176275)
[ view plain ]
| 000 -LEADER | |
|---|---|
| fixed length control field | 02412nam a22002057a 4500 |
| 005 - DATE AND TIME OF LATEST TRANSACTION | |
| control field | 20201208160350.0 |
| 010 ## - LCCN (DPL NO) | |
| LC control number | ENG-128642 |
| 020 ## - INTERNATIONAL STANDARD BOOK NUMBER | |
| International Standard Book Number | 978-93-903-2547-4 |
| Terms of availability | 350.00 |
| 035 ## - SYSTEM CONTROL NUMBER | |
| System control number | EN-112174 |
| 037 ## - SOURCE OF ACQUISITION | |
| Source of stock number/acquisition | DBAD/PUB |
| 082 ## - DEWEY DECIMAL CLASSIFICATION NUMBER | |
| Classification number | 423.1 |
| 100 ## - MAIN ENTRY--PERSONAL NAME | |
| Personal name | Turton, N D |
| 245 ## - TITLE STATEMENT | |
| Title | Longman Dictionary of Common Errors/ |
| Remainder of title | N D Turton and J B Heaton |
| 250 ## - EDITION STATEMENT | |
| Edition statement | 2nd |
| 260 ## - PUBLICATION, DISTRIBUTION, ETC. (IMPRINT) | |
| Place of publication, distribution, etc | Uttar Pradesh |
| Name of publisher, distributor, etc | Pearson India Education Services Pvt. Ltd. |
| Date of publication, distribution, etc | 2021 |
| 270 ## - ADDRESS | |
| City | Uttar Pradesh |
| Postal code | 201301 |
| Address | 15th Floor, Tower-B, World Trade Tower, Plot No.- 1, Block-C, Sector-16, Noida |
| Electronic mail address | companysecretary.india@pearson.com |
| Telephone number | 044-66540100 |
| 300 ## - PHYSICAL DESCRIPTION | |
| Extent | 444p. |
| Dimensions | 22cm(pbk) |
| Other physical details | Including illustrations and tables. |
| 700 ## - ADDED ENTRY--PERSONAL NAME | |
| Personal name | Heaton, J B |
| 942 ## - ADDED ENTRY ELEMENTS (KOHA) | |
| Source of classification or shelving scheme | Dewey Decimal Classification |
| Item type | English Books |
| Classification part | 423.1 |
| Call number suffix | TUR |
| Withdrawn status | Lost status | Not for loan | Collection code | Home library | Current library | Date acquired | Source of acquisition | Cost, normal purchase price | Full call number | Barcode | Copy number | Cost, replacement price | Koha item type |
|---|---|---|---|---|---|---|---|---|---|---|---|---|---|
| Non-fiction | Central Library | Central Library | 08/12/2020 | DBAD/PUB | 350.00 | 423.1 TUR | EN-112174 | 1 | 350.00 | English Books |
